000 00858nam a2200217 i 4500
001 151071
003 ES-MaACL
005 20250831121728.0
007 t|
008 071204s1862 sp ||||1| spa d
110 2 _aAsociación para la Reforma de los Aranceles de Aduanas
_91779
245 1 0 _aSegunda sesión pública celebrada el día 21 de abril de 1862 /
_cpresidencia del excelentísimo señor D. Luis María Pastor.
260 _aMadrid :
_b[s.n.],
_c1862 (
_fImprenta de M. Galiano)
300 _a12 p. ;
_c32 cm.
500 _aAsunto de que se ocupó la Sociedad: La crisis algodonera y el aplazamiento de la reforma arancelaria.
650 4 _aAranceles de aduanas-
_zEspaña-
_yS.XIX.
_99930
700 1 _aPastor, Luis María.
_989484
852 4 _aES-MaACL
_jT-1275-F-4
852 4 _aES-MaACL
_jT-1275-F-5
999 _c151071
_d151071